Data Structures Using C (Record no. 4051)

MARC details
000 -LEADER
fixed length control field 00335nam a2200145Ia 4500
008 - FIXED-LENGTH DATA ELEMENTS--GENERAL INFORMATION
fixed length control field 191201s2009 xx 000 0 und d
082 ## - DEWEY DECIMAL CLASSIFICATION NUMBER
Classification number 005.133
Item number TED
100 ## - MAIN ENTRY--PERSONAL NAME
Personal name TENENBAUM, A
245 #0 - TITLE STATEMENT
Title Data Structures Using C
250 ## - EDITION STATEMENT
Edition statement Imp.
260 ## - PUBLICATION, DISTRIBUTION, ETC. (IMPRINT)
Place of publication, distribution, etc N.Delhi
Name of publisher, distributor, etc Pearson
Date of publication, distribution, etc 2009
300 ## - PHYSICAL DESCRIPTION
Extent 656
650 ## - SUBJECT ADDED ENTRY--TOPICAL TERM
Topical term or geographic name as entry element B.Tech(IT)
942 ## - ADDED ENTRY ELEMENTS (KOHA)
Source of classification or shelving scheme Dewey Decimal Classification
Koha item type Text Books
Holdings
Withdrawn status Lost status Source of classification or shelving scheme Damaged status Not for loan Collection code Home library Current library Date acquired Source of acquisition Cost, normal purchase price Bill Number Total Checkouts Full call number Acc. no. / Barcode Date last seen Bill Date Koha item type Date last borrowed
    Dewey Decimal Classification     Computer Science & Engineering in Cyber Security PIET C-LIBRARY PIET C-LIBRARY 15/08/2006 J B C, New Delhi 270.00 SI-611   005.133 TED 13200 04/12/2019 20/07/2009 Text Books  
    Dewey Decimal Classification     Computer Science & Engineering in Cyber Security PIET C-LIBRARY PIET C-LIBRARY 15/08/2006 J B C, New Delhi 270.00 SI-611   005.133 TED 13201 04/12/2019 20/07/2009 Text Books  
    Dewey Decimal Classification     Computer Science & Engineering in Cyber Security PIET C-LIBRARY PIET C-LIBRARY 15/08/2006 J B C, New Delhi 270.00 SI-611 1 005.133 TED 13202 23/01/2024 20/07/2009 Text Books 08/08/2023
    Dewey Decimal Classification     Computer Science and Engineering in AI & Data Science PIET C-LIBRARY PIET C-LIBRARY 15/08/2006 J B C, New Delhi 270.00 SI-611 3 005.133 TED 13203 04/10/2023 20/07/2009 Text Books 12/09/2023
    Dewey Decimal Classification     Computer Science and Engineering in AI & Data Science PIET C-LIBRARY PIET C-LIBRARY 15/08/2006 J B C, New Delhi 270.00 SI-611   005.133 TED 13204 04/12/2019 20/07/2009 Text Books  
    Dewey Decimal Classification     Computer Science and Engineering in AI & Data Science PIET C-LIBRARY PIET C-LIBRARY 15/08/2006 J B C, New Delhi 270.00 SI-611 3 005.133 TED 13205 27/09/2023 20/07/2009 Text Books 13/09/2023
    Dewey Decimal Classification     Computer Science and Engineering in AI & Data Science PIET C-LIBRARY PIET C-LIBRARY 15/08/2006 J B C, New Delhi 270.00 SI-611 1 005.133 TED 13206 10/10/2022 20/07/2009 Text Books 27/09/2022

Design & Developed by: PIET Central Library
R70 Miles Stone Pattikalyana Samalkha Panipat 132102
mail ID :- [email protected], Phone No:- 0180-2569700 Ex.216